La recherche de légitimité par la conformité aux codes de gouvernance d'entreprise. Une analyse des déclarations de conformité des sociétés françaises du SBF 120 (notice n° 1739490)
[ vue normale ]
| 000 -LEADER | |
|---|---|
| fixed length control field | 02203cam a2200193 4500500 |
| 005 - DATE AND TIME OF LATEST TRANSACTION | |
| control field | 20260322004334.0 |
| 041 ## - LANGUAGE CODE | |
| Language code of text/sound track or separate title | fre |
| 042 ## - AUTHENTICATION CODE | |
| Authentication code | dc |
| 100 10 - MAIN ENTRY--PERSONAL NAME | |
| Personal name | Refait-Alexandre, Catherine |
| Relator term | author |
| 245 00 - TITLE STATEMENT | |
| Title | La recherche de légitimité par la conformité aux codes de gouvernance d'entreprise. Une analyse des déclarations de conformité des sociétés françaises du SBF 120 |
| 260 ## - PUBLICATION, DISTRIBUTION, ETC. | |
| Date of publication, distribution, etc. | 2014.<br/> |
| 500 ## - GENERAL NOTE | |
| General note | 87 |
| 520 ## - SUMMARY, ETC. | |
| Summary, etc. | Cet article analyse la façon dont les sociétés du SBF 120 mettent en œuvre l’obligation du comply or explain, introduite en droit français en 2008. Nos principales conclusions sont les suivantes : la délivrance de déclarations claires et sans ambigüité, ainsi que la conformité au code de gouvernance de référence sont liées à certaines caractéristiques d’entreprise (secteur d’activité, structure de l’actionnariat, taille). Ces résultats peuvent donner lieu à l’interprétation suivante : le principe de comply or explain est un outil pouvant être utilisé par les entreprises pour communiquer avec leurs partenaires, notamment sur les marchés financiers, plus qu’un instrument réglementaire pouvant discipliner les comportements managériaux. |
| 520 ## - SUMMARY, ETC. | |
| Summary, etc. | This article analyses how the SBF 120 companies implemented the ‘comply or explain’ obligation, which was introduced into French law in 2008. The article reaches the following principal conclusions : the likelihood to produce clear and unambiguous declarations and to showcase compliance with a corporate governance code is linked to certain characteristics of companies (industry sector, shareholder structure, size). These results could be interpreted that ‘comply or explain’ functions as an instrument of communication that could be used as a means of dialogue between companies and market participants, more than as a regulatory instrument to discipline managerial behaviors. |
| 700 10 - ADDED ENTRY--PERSONAL NAME | |
| Personal name | Duhamel, Jean-Christophe |
| Relator term | author |
| 700 10 - ADDED ENTRY--PERSONAL NAME | |
| Personal name | Fasterling, Bjorn |
| Relator term | author |
| 786 0# - DATA SOURCE ENTRY | |
| Note | Management & Avenir | 69 | 3 | 2014-06-19 | p. 32-51 | 1768-5958 |
| 856 41 - ELECTRONIC LOCATION AND ACCESS | |
| Uniform Resource Identifier | <a href="https://shs.cairn.info/revue-management-et-avenir-2014-3-page-32?lang=fr&redirect-ssocas=7080">https://shs.cairn.info/revue-management-et-avenir-2014-3-page-32?lang=fr&redirect-ssocas=7080</a> |
Pas d'exemplaire disponible.




Réseaux sociaux